[Event "DRUZYNOWE MISTRZOSTWA POLSKI JUNIOROW - II LIGA"]
[Site "Szczyrk, CKiR Orle Gniazdo ul. Wrzosowa 28a"]
[Date "2014-07-27"]
[Round "4.1"]
[White "Knapik, Andrzej"]
[Black "Ulanowski, Karol"]
[Result "0-1"]
[WhiteTitle "I"]
[BlackTitle "k"]
[WhiteElo "1922"]
[BlackElo "2124"]

1. e4 e5 2. Nf3 Nc6 3. Bb5 Nf6 4. O-O a6 5. Ba4 b5 6. Bb3 Bc5 7. Qe2 d6 8. h3 O-O
9. d3 Na5 10. Bg5 Nxb3 11. axb3 h6 12. Be3 Bxe3 13. Qxe3 Bb7 14. Nc3 Nh5 15. Ne2
f5 16. c4 b4 17. Nh2 Qh4 18. Nf3 Qe7 19. Kh2 c5 20. g3 Qf6 21. Nh4 f4 22. Qf3
g6 23. Ng1 Ng7 24. Ng2 Ne6 25. gxf4 Nd4 26. Qd1 exf4 27. Nf3 Nxf3+ 28. Qxf3 Qxb2
29. Nh4 Kh7 30. Qg4 Qf6 31. Rg1 Rg8 32. Nf3 Bc8 33. Qg2 Ra7 34. h4 Rag7 35. Rh1
g5 36. hxg5 Rxg5 37. Nxg5+ Rxg5 38. Qxg5 Qxg5 39. Rag1 Qh5+ 40. Kg2 f3+ 41. Kf1
Qe5 42. Ke1 Qc3+ 43. Kd1 Qxd3+ 44. Kc1 Qc3+ 0-1

[Event "DRUZYNOWE MISTRZOSTWA POLSKI JUNIOROW - II LIGA"]
[Site "Szczyrk, CKiR Orle Gniazdo ul. Wrzosowa 28a"]
[Date "2014-07-27"]
[Round "4.2"]
[White "Wyczling, Bartosz"]
[Black "Adamczyk, Pawel"]
[Result "1/2-1/2"]
[WhiteTitle "I"]
[BlackTitle "II+"]
[WhiteElo "1766"]
[BlackElo "1746"]

1. d4 d5 2. c4 c6 3. cxd5 cxd5 4. Nc3 Nf6 5. Nf3 Nc6 6. Bf4 Bf5 7. e3 e6 8. Bb5
Rc8 9. O-O Bb4 10. Rc1 O-O 11. Bg5 h6 12. Bh4 a6 13. Be2 Be7 14. h3 Ne4 15. Bxe7
Nxe7 16. Nd2 Nxd2 17. Qxd2 Qd7 18. f4 Rc7 19. Kh2 Rfc8 20. g4 Bg6 21. Rg1 b5 22.
a3 Nc6 23. g5 hxg5 24. Rxg5 Na5 25. Rcg1 Nc4 26. Bxc4 Rxc4 27. h4 a5 28. h5 b4
29. axb4 axb4 30. hxg6 bxc3 31. gxf7+ Qxf7 32. Qg2 R8c7 33. bxc3 Rxc3 34. Qh3
Rc2+ 35. Kg3 Re2 36. Kg4 Rc3 37. Rg3 Rcc2 38. Qh5 Rg2 39. Qxf7+ Kxf7 40. Re5 Rxg3+
41. Kxg3 g6 42. Kf3 Kf6 1/2-1/2

[Event "DRUZYNOWE MISTRZOSTWA POLSKI JUNIOROW - II LIGA"]
[Site "Szczyrk, CKiR Orle Gniazdo ul. Wrzosowa 28a"]
[Date "2014-07-27"]
[Round "4.3"]
[White "Pniaczek, Marek"]
[Black "Belczewski, Jacek"]
[Result "0-1"]
[WhiteTitle "II+"]
[BlackTitle "I"]
[WhiteElo "1585"]
[BlackElo "1753"]

1. e4 e6 2. d4 d5 3. exd5 exd5 4. c4 Nc6 5. Nf3 Bg4 6. Be3 Nf6 7. Nc3 Bb4 8. Be2
O-O 9. O-O Ne7 10. h3 Bh5 11. Qb3 Bxc3 12. bxc3 Rb8 13. cxd5 Nexd5 14. c4 Nxe3
15. fxe3 Ne4 16. Qc2 Ng3 17. Rfd1 Qe7 18. Kf2 Ne4+ 19. Kg1 Rbe8 20. Rab1 b6 21.
Rb5 Bg6 22. Re5 Qb4 23. Bd3 Qc3 24. Rxe8 Rxe8 25. Ne5 Qxc2 26. Bxc2 Nd6 27. Bb3
Kf8 28. Rf1 f6 29. c5 Nf5 30. Nd7+ Ke7 31. Ba4 Rd8 32. g4 Ng3 33. cxb6 axb6 34.
Rf3 Ne2+ 35. Kf2 Nc3 36. Bc6 Be4 0-1

[Event "DRUZYNOWE MISTRZOSTWA POLSKI JUNIOROW - II LIGA"]
[Site "Szczyrk, CKiR Orle Gniazdo ul. Wrzosowa 28a"]
[Date "2014-07-27"]
[Round "4.4"]
[White "Lipiak, Mateusz"]
[Black "Kucharska, Honorata"]
[Result "1-0"]
[WhiteTitle "I"]
[BlackTitle "I+"]
[WhiteElo "1541"]
[BlackElo "1718"]

1. e4 e6 2. d4 d5 3. Nd2 c5 4. Ngf3 Nc6 5. Bb5 Nf6 6. exd5 exd5 7. O-O Be7 8. dxc5
O-O 9. Nb3 Bg4 10. h3 Bh5 11. Bf4 a6 12. Bd3 Qd7 13. c3 Rad8 14. Be2 Bg6 15. Nfd4
Ne4 16. Re1 f5 17. Bd3 Rde8 18. Qc2 Nxc5 19. Nxc5 Bxc5 20. Rxe8 Qxe8 21. Nb3 Bb6
22. Qd2 Bh5 23. Re1 Qg6 24. Be2 Rd8 25. Bxh5 Qxh5 26. Be3 Bc7 27. Nd4 Ne5 28.
b3 Qg6 29. Bf4 Re8 30. Bxe5 Rxe5 31. Rxe5 Bxe5 32. Nf3 Bc7 33. Qxd5+ Qf7 34. Qd3
h6 35. Nd4 Qe7 36. Qe3 Qxe3 37. fxe3 g6 38. Kf2 Kf7 39. Ke2 Kf6 40. Kd3 h5 41.
a4 g5 42. b4 g4 43. c4 Bd6 44. c5 Be7 45. c6 bxc6 46. Nxc6 Bd6 47. Ke2 Ke6 48.
Nd4+ Ke5 49. b5 axb5 50. axb5 Bc5 51. Kd3 h4 52. Ne2 Bb6 53. Nf4 Bc5 54. Ng6+
Kf6 55. Nxh4 Kg5 56. Nxf5 Kxf5 57. e4+ Kf4 58. hxg4 Kxg4 59. Kc4 Ba7 60. e5 Kf5
61. Kd5 Bb8 62. g4+ Kg6 63. b6 Kf7 64. g5 Kf8 65. Ke6 Kg7 66. Kf5 Kf7 67. e6+
Ke7 68. g6 Kf8 69. Kf6 Bd6 70. b7 Be7+ 71. Ke5 1-0

[Event "DRUZYNOWE MISTRZOSTWA POLSKI JUNIOROW - II LIGA"]
[Site "Szczyrk, CKiR Orle Gniazdo ul. Wrzosowa 28a"]
[Date "2014-07-27"]
[Round "4.5"]
[White "Kasperek, Kinga"]
[Black "Olechnicka, Karolina"]
[Result "1/2-1/2"]
[WhiteTitle "I"]
[BlackTitle "I++"]
[WhiteElo "1559"]
[BlackElo "1723"]

1. c4 e5 2. Nc3 Nc6 3. g3 f5 4. Bg2 Nf6 5. d3 Bb4 6. Bd2 O-O 7. Nf3 e4 8. dxe4
Nxe4 9. O-O Bxc3 10. Bxc3 Nxc3 11. bxc3 f4 12. Qd5+ Kh8 13. c5 Qf6 14. Rac1 Ne7
15. Qd4 fxg3 16. hxg3 Nf5 17. Qxf6 Rxf6 18. Nd4 Rb8 19. Nb5 Re6 20. Bh3 Re5 21.
Nxa7 Rxc5 22. Nxc8 Rxc8 23. e4 Nd6 24. f3 Rd8 25. Rfd1 Kg8 26. a4 Kf7 27. Rd4
Ke7 28. f4 Nf7 29. Kf2 d6 30. Ke2 Ra8 31. Kd2 Rh5 32. Bg4 Rh2+ 33. Ke3 Ra2 34.
Rb1 Nd8 35. Bd1 Ne6 36. Rd2 Rxd2 37. Kxd2 Nc5 38. Rb4 Kf6 39. g4 h6 40. Ke3 g5
41. f5 b6 42. Bc2 Ke5 43. Rb5 Re8 44. Rb4 Ra8 45. Rb5 Re8 46. Rb4 Nd7 47. Bd3
Rh8 48. Be2 Nc5 49. Rb5 Re8 50. Bf3 Ra8 51. Bd1 Ra5 52. Rxa5 bxa5 53. Bc2 c6 54.
c4 Nd7 55. Bd1 Nb6 56. Bb3 Na8 57. Bc2 1/2-1/2

[Event "DRUZYNOWE MISTRZOSTWA POLSKI JUNIOROW - II LIGA"]
[Site "Szczyrk, CKiR Orle Gniazdo ul. Wrzosowa 28a"]
[Date "2014-07-27"]
[Round "4.6"]
[White "Zalewska, Katarzyna"]
[Black "Pyzio, Amelia"]
[Result "1-0"]
[WhiteTitle "II+"]
[BlackTitle "I"]
[WhiteElo "1360"]
[BlackElo "1370"]

1. d4 e6 2. c4 f5 3. Bf4 Bb4+ 4. Bd2 Bxd2+ 5. Qxd2 Nf6 6. Nc3 O-O 7. Nf3 b6 8.
e3 Bb7 9. Be2 Qe7 10. a3 d6 11. Rc1 Ne4 12. Nxe4 Bxe4 13. Qc3 Nd7 14. b4 c5 15.
dxc5 dxc5 16. O-O Rad8 17. Nd2 Bb7 18. Nb3 cxb4 19. axb4 Qg5 20. f3 h5 21. Ra1
Ra8 22. Nd4 Qh6 23. Nb5 a6 24. Nd4 g5 25. Nb3 h4 26. Rfd1 Rad8 27. c5 bxc5 28.
Nxc5 Bc8 29. Nxd7 Rxd7 30. Rxd7 Bxd7 31. Rxa6 h3 32. Qc7 Rf7 33. Ra8+ Kh7 34.
Qe5 Qf6 35. Qxf6 Rxf6 36. Ra7 Rf7 37. Bb5 Be8 38. Rxf7+ Bxf7 39. gxh3 e5 40. Bc6
Bb3 41. Kf2 f4 42. exf4 gxf4 43. Be4+ Kg7 44. b5 Bc4 45. b6 Ba6 46. b7 Bxb7 47.
Bxb7 Kf6 48. Bd5 Kg5 49. Ke2 Kh4 50. Be6 Kg5 51. Kd3 Kf6 52. Bc8 Ke7 53. Ke4 Kd6
54. Bg4 Ke7 55. Kxe5 Kf7 56. Kxf4 Kf6 57. h4 Kg7 58. Ke5 Kg6 59. f4 Kg7 60. Ke6
Kg6 61. f5+ Kg7 62. Ke7 Kg8 63. f6 Kh7 64. f7 Kg7 65. f8=Q+ Kh7 66. Bf5# 1-0

[Event "DRUZYNOWE MISTRZOSTWA POLSKI JUNIOROW - II LIGA"]
[Site "Szczyrk, CKiR Orle Gniazdo ul. Wrzosowa 28a"]
[Date "2014-07-27"]
[Round "4.7"]
[White "Madej, Roman"]
[Black "Kyc, Jerzy"]
[Result "1/2-1/2"]
[WhiteTitle "I"]
[BlackTitle "I++"]
[WhiteElo "1756"]
[BlackElo "2096"]

1. e4 c5 2. Nf3 d6 3. d4 cxd4 4. Nxd4 Nf6 5. Nc3 a6 6. Bg5 e6 7. f4 h6 8. Bh4 Qb6
9. a3 Nbd7 10. Bf2 Qc7 11. Qf3 b5 12. g4 Be7 13. h4 Nb6 14. g5 Nfd7 15. g6 Bf6
16. gxf7+ Kxf7 17. Rg1 Nc5 18. Rd1 Bd7 19. Bd3 Nxd3+ 20. cxd3 Na4 21. Nxa4 bxa4
22. Rd2 Rhc8 23. Ke2 Rab8 24. f5 e5 25. Qh5+ Kf8 26. Nf3 Be8 27. Qg4 Bf7 28. h5
Rb3 29. Bh4 Qe7 30. Qxg7+ Bxg7 31. Bxe7+ Kxe7 32. Rxg7 Rcb8 33. Rh7 Rxb2 34. Rxh6
Rxd2+ 35. Nxd2 Rg8 36. Rh7 Rg2+ 37. Kd1 Rh2 38. h6 Kf6 39. Kc2 d5 40. exd5 Bxd5
41. Ra7 Kxf5 42. Rxa6 e4 43. dxe4+ Bxe4+ 44. Kc3 Rh3+ 45. Kb4 Bc2 46. Rc6 Bd1
47. Rc1 Rh4+ 48. Ka5 Be2 1/2-1/2

[Event "DRUZYNOWE MISTRZOSTWA POLSKI JUNIOROW - II LIGA"]
[Site "Szczyrk, CKiR Orle Gniazdo ul. Wrzosowa 28a"]
[Date "2014-07-27"]
[Round "4.8"]
[White "Krzeminski, Sebastian"]
[Black "Golenia, Jan"]
[Result "0-1"]
[WhiteTitle "II+"]
[BlackTitle "II+"]
[WhiteElo "1704"]
[BlackElo "1624"]

1. d4 d5 2. c4 c6 3. Nf3 Nf6 4. Nc3 Bf5 5. Qb3 Qb6 6. Qxb6 axb6 7. cxd5 Nxd5 8.
Nxd5 cxd5 9. e3 f6 10. Bd2 Nc6 11. Bb5 e6 12. Nh4 Bg6 13. O-O Bd6 14. Rfc1 Kd7
15. Nxg6 hxg6 16. h3 g5 17. f3 Bg3 18. e4 Kd6 19. Be3 Bf4 20. Bxf4+ gxf4 21. Bxc6
bxc6 22. a4 Ra7 23. Rc3 Rha8 24. b3 g5 25. Rac1 Rc7 26. Kf2 Ra5 27. Ke2 e5 28.
dxe5+ fxe5 29. exd5 Rxd5 30. b4 Rd4 31. Rd3 c5 32. Rc4 Kd5 33. Rc2 Ra7 34. a5
Rxd3 35. Kxd3 cxb4 36. axb6 Rb7 37. Rc8 Rxb6 38. Rd8+ Ke6 39. Kc2 Rc6+ 40. Kb3
Rc3+ 41. Kb2 Re3 42. Rd2 Kf5 43. Rc2 e4 44. Rc5+ Kg6 45. fxe4 Rxe4 46. Rc2 Re3
47. Rd2 Kh5 48. Kc1 Kh4 49. Kd1 b3 50. Rd5 Rc3 51. Rb5 Rg3 52. Ke1 Rxg2 53. Rxb3
Rg3 54. Rb8 Kxh3 55. Kf2 Ra3 56. Rb5 Kg4 57. Rb2 Rh3 58. Kg1 f3 59. Rb5 Rh5 60.
Kf2 Rh2+ 61. Kg1 Rc2 62. Kf1 Kf4 63. Kg1 g4 64. Rb1 Kg3 65. Rd1 Rc7 66. Ra1 Rc3
67. Rd1 Re3 68. Rf1 Re1 0-1

[Event "DRUZYNOWE MISTRZOSTWA POLSKI JUNIOROW - II LIGA"]
[Site "Szczyrk, CKiR Orle Gniazdo ul. Wrzosowa 28a"]
[Date "2014-07-27"]
[Round "4.9"]
[White "Golenia, Wojciech"]
[Black "Warchol, Bartosz"]
[Result "1/2-1/2"]
[WhiteTitle "II+"]
[BlackTitle "II"]
[WhiteElo "1700"]
[BlackElo "1510"]

1. e4 c5 2. Nf3 d6 3. d4 cxd4 4. Nxd4 Nf6 5. Nc3 a6 6. Be3 e5 7. Nb3 Be6 8. Be2
Be7 9. O-O O-O 10. f4 exf4 11. Bxf4 Nc6 12. Kh1 Ne5 13. Qd4 Qc7 14. Rad1 Rfd8
15. Rd2 b5 16. Rfd1 Bc4 17. h3 Bxe2 18. Rxe2 Nc4 19. Bc1 b4 20. Nd5 Nxd5 21. Qxd5
Bf6 22. Nd4 Qc5 23. Rd3 Nb6 24. Nb3 Nxd5 25. Nxc5 dxc5 26. exd5 Rd7 27. b3 Bd4
28. Red2 Rxd5 29. Bb2 Rad8 30. c3 bxc3 31. Bxc3 R5d6 32. b4 Be5 33. Rxd6 Rxd6
34. bxc5 Rxd2 35. Bxd2 Bc7 36. Kg1 Kf8 37. Kf2 Ke7 38. Ke3 Kd7 39. Bc3 g6 40.
Kd4 Kc6 41. Kc4 Bd8 42. a3 Be7 43. Bd4 Bd8 44. Be3 Bf6 45. a4 Bh4 46. Bd4 Be7
47. Be3 f5 48. Bf2 Bf6 49. Be3 g5 50. g4 f4 51. Bf2 Be7 52. Bd4 Bd8 53. Bf2 Be7
54. Bd4 Bd8 55. Bf2 Be7 56. Bd4 Bd8 57. Bf2 Be7 58. Bd4 Bd8 59. Bf2 Be7 1/2-1/2

[Event "DRUZYNOWE MISTRZOSTWA POLSKI JUNIOROW - II LIGA"]
[Site "Szczyrk, CKiR Orle Gniazdo ul. Wrzosowa 28a"]
[Date "2014-07-27"]
[Round "4.10"]
[White "Wilk, Radoslaw"]
[Black "Gawor, Jan Pawel"]
[Result "0-1"]
[WhiteTitle "II"]
[BlackTitle "II"]
[WhiteElo "1430"]
[BlackElo "1551"]

1. e4 c5 2. Nf3 Nc6 3. Bb5 e6 4. Bxc6 bxc6 5. d3 d5 6. Nbd2 Nf6 7. e5 Nd7 8. O-O
Be7 9. c4 Nb6 10. b3 O-O 11. Ba3 Bb7 12. Qe2 Rc8 13. Qe3 Nd7 14. Qf4 f6 15. Qg4
fxe5 16. Qxe6+ Kh8 17. Nxe5 Nxe5 18. Qxe5 Bf6 19. Qe3 Bxa1 20. Rxa1 d4 21. Qe5
Qa5 22. Bxc5 Rce8 23. Qg5 h6 24. b4 hxg5 25. bxa5 Rf5 26. Ne4 Rxe4 27. dxe4 Rxc5
28. Rb1 Rxc4 29. Kf1 Ba6 30. Ke1 d3 31. f3 Rc2 32. Rb8+ Kh7 33. Ra8 Rxa2 34. Rxa7
Rxa5 35. Kd2 Ra2+ 36. Kd1 Bc4 37. Rd7 Rxg2 38. Rd4 Bb3+ 39. Ke1 Bc2 40. Rd8 Rxh2
41. Rd7 c5 42. Rd5 c4 43. e5 c3 0-1

[Event "DRUZYNOWE MISTRZOSTWA POLSKI JUNIOROW - II LIGA"]
[Site "Szczyrk, CKiR Orle Gniazdo ul. Wrzosowa 28a"]
[Date "2014-07-27"]
[Round "4.11"]
[White "Tracz, Marcelina"]
[Black "Gaudyn, Renata"]
[Result "1-0"]
[WhiteTitle "I++"]
[BlackTitle "I"]
[WhiteElo "1760"]
[BlackElo "1597"]

1. d4 d5 2. Nc3 Nf6 3. Bg5 e6 4. e4 dxe4 5. Nxe4 Be7 6. Bxf6 Bxf6 7. c3 Nd7 8.
Qf3 Qe7 9. Qg3 e5 10. Nxf6+ Qxf6 11. Nf3 exd4 12. Nxd4 c6 13. Be2 O-O 14. O-O
Re8 15. Rae1 Ne5 16. Bd1 Bd7 17. Re4 Nc4 18. Rf4 Qd6 19. Bb3 Ne5 20. Rxf7 Qf8
21. Rxg7+ Kh8 22. Rg8+ 1-0

[Event "DRUZYNOWE MISTRZOSTWA POLSKI JUNIOROW - II LIGA"]
[Site "Szczyrk, CKiR Orle Gniazdo ul. Wrzosowa 28a"]
[Date "2014-07-27"]
[Round "4.12"]
[White "Waszczuk, Patrycja"]
[Black "Debowska, Michalina"]
[Result "1-0"]
[WhiteTitle "I"]
[BlackTitle "II"]
[WhiteElo "1519"]
[BlackElo "1453"]

1. e4 c5 2. Nf3 Nc6 3. d4 cxd4 4. Nxd4 g6 5. Nc3 Bg7 6. Be3 Nf6 7. Nxc6 bxc6 8.
e5 Ng8 9. Bd4 f6 10. Qe2 fxe5 11. Bxe5 Nf6 12. O-O-O O-O 13. h4 Qb6 14. Bd4 Qd8
15. f3 d5 16. g4 e6 17. h5 gxh5 18. gxh5 h6 19. Rg1 Kh8 20. Rxg7 Kxg7 21. Qg2+
Kh8 22. Qg6 1-0

[Event "DRUZYNOWE MISTRZOSTWA POLSKI JUNIOROW - II LIGA"]
[Site "Szczyrk, CKiR Orle Gniazdo ul. Wrzosowa 28a"]
[Date "2014-07-27"]
[Round "4.13"]
[White "Tomaszewski, Kacper"]
[Black "Teclaf, Pawel"]
[Result "1/2-1/2"]
[WhiteTitle "I++"]
[BlackTitle "CM"]
[WhiteElo "2012"]
[BlackElo "1979"]

1. d4 Nf6 2. c4 b6 3. Nc3 Bb7 4. f3 d5 5. cxd5 Nxd5 6. e4 Nxc3 7. bxc3 e6 8. Be3
Be7 9. Bd3 O-O 10. Ne2 c5 11. O-O Nd7 12. Rc1 cxd4 13. cxd4 e5 14. d5 Nc5 15.
Bc4 Kh8 16. Ng3 Bg5 17. f4 exf4 18. Bxf4 Bxf4 19. Rxf4 Nd7 20. Bb5 Ne5 21. Qh5
Ng6 22. Rff1 Rc8 23. Ba4 b5 24. Bb3 Qb6+ 25. Kh1 Rxc1 26. Rxc1 Qe3 27. Rf1 f5
28. Qf3 Qxf3 29. gxf3 fxe4 30. fxe4 Rxf1+ 31. Nxf1 a5 32. Ng3 a4 33. Bc2 Ne5 34.
Nf5 Bc8 35. Nd6 Bd7 36. a3 Kg8 37. Bb1 Kf8 38. Ba2 Ke7 39. Nb7 Nc4 40. Nc5 Nxa3
41. e5 b4 42. d6+ Ke8 43. Bd5 b3 44. e6 b2 1/2-1/2

[Event "DRUZYNOWE MISTRZOSTWA POLSKI JUNIOROW - II LIGA"]
[Site "Szczyrk, CKiR Orle Gniazdo ul. Wrzosowa 28a"]
[Date "2014-07-27"]
[Round "4.14"]
[White "Krawiec, Grzegorz"]
[Black "Bilczewski, Kacper"]
[Result "0-1"]
[WhiteTitle "II"]
[BlackTitle "I"]
[WhiteElo "1564"]
[BlackElo "1834"]

1. e4 e5 2. Nf3 d6 3. d4 exd4 4. Nxd4 g6 5. Nc3 Bg7 6. Bc4 Nc6 7. Be3 Nf6 8. O-O
O-O 9. Bb3 Ne5 10. Qd2 c5 11. Ndb5 c4 12. f4 cxb3 13. fxe5 Ng4 14. exd6 Nxe3 15.
Qxe3 bxc2 16. Kh1 Be5 17. Nxa7 Qxd6 18. Nab5 Qb4 19. Qc1 Bd7 20. a4 Bxb5 21. axb5
Bxc3 22. bxc3 Qxc3 23. Rxa8 Rxa8 24. Qf4 Qc4 25. Rc1 Rd8 26. Qf3 Qd3 27. Rf1 Qxf1+
0-1

[Event "DRUZYNOWE MISTRZOSTWA POLSKI JUNIOROW - II LIGA"]
[Site "Szczyrk, CKiR Orle Gniazdo ul. Wrzosowa 28a"]
[Date "2014-07-27"]
[Round "4.16"]
[White "Fiedorek, Michal"]
[Black "Polczyk, Mikolaj"]
[Result "1/2-1/2"]
[WhiteTitle "II"]
[BlackTitle "II+"]
[WhiteElo "1405"]
[BlackElo "1571"]

1. e4 Nf6 2. e5 Nd5 3. d4 d6 4. Nf3 Bg4 5. exd6 exd6 6. Be2 Be7 7. O-O O-O 8. h3
Bh5 9. Re1 Bf6 10. c3 Re8 11. Nh2 Bxe2 12. Rxe2 Rxe2 13. Qxe2 Nd7 14. Na3 Qe8
15. Be3 Bg5 16. Re1 Bxe3 17. fxe3 Qe4 18. Qf3 Re8 19. Qxe4 Rxe4 20. Kf2 f5 21.
g3 N7f6 22. Nf3 Nb6 23. Nd2 Re6 24. b3 Nbd5 25. Nab1 g5 26. a3 a5 27. c4 Nb6 28.
Nc3 d5 29. c5 Nbd7 30. Re2 Kg7 31. Kf3 h5 32. Nb5 Ne8 33. Nc3 Ndf6 34. Kf2 c6
35. Nf3 Kh6 36. Ne5 Re7 37. Kf3 Nd7 38. Nxd7 Rxd7 39. Na4 Nc7 40. Nb6 Rd8 41.
a4 1/2-1/2

[Event "DRUZYNOWE MISTRZOSTWA POLSKI JUNIOROW - II LIGA"]
[Site "Szczyrk, CKiR Orle Gniazdo ul. Wrzosowa 28a"]
[Date "2014-07-27"]
[Round "4.17"]
[White "Stebel, Agata"]
[Black "Maciak, Gabriela"]
[Result "1-0"]
[WhiteTitle "I"]
[BlackTitle "II"]
[WhiteElo "1616"]
[BlackElo "1385"]

1. d4 Nf6 2. c4 e5 3. dxe5 Ng4 4. Nf3 Nc6 5. Bf4 Bb4+ 6. Nc3 f6 7. exf6 Qxf6 8.
Qd2 d6 9. e3 a5 10. Be2 Be6 11. O-O Nge5 12. Nxe5 Nxe5 13. Qc2 Ng6 14. Bg3 Qf7
15. a3 Bc5 16. Ne4 Bf5 17. Bd3 Bxe4 18. Bxe4 Rb8 19. b4 axb4 20. axb4 Bb6 21.
c5 dxc5 22. bxc5 Bxc5 23. Qxc5 Qe7 24. Qxe7+ Nxe7 25. Bxc7 Rc8 26. Be5 O-O 27.
Bd6 Rce8 28. Bxb7 Rf6 29. Bxe7 Rxe7 30. Bd5+ Kf8 31. Ra8+ Re8 32. Rfa1 Rd6 33.
e4 Rb6 34. g3 Rbb8 35. Rxb8 Rxb8 36. Ra8 Rxa8 37. Bxa8 Kf7 38. f4 h6 39. Kf2 Kf6
40. Ke3 g6 41. Kd4 h5 42. Kd5 Ke7 43. Ke5 Kd7 44. Kf6 Kd8 45. Kf7 Kd7 46. e5 Kd8
47. e6 h4 48. e7+ Kd7 49. e8=Q+ Kc7 50. Qc6+ Kd8 51. Ke6 hxg3 52. Qd7# 1-0

[Event "DRUZYNOWE MISTRZOSTWA POLSKI JUNIOROW - II LIGA"]
[Site "Szczyrk, CKiR Orle Gniazdo ul. Wrzosowa 28a"]
[Date "2014-07-27"]
[Round "4.18"]
[White "Karykowska, Anna"]
[Black "Robakowska, Paulina"]
[Result "1-0"]
[WhiteTitle "I+"]
[BlackTitle "II"]
[WhiteElo "1528"]
[BlackElo "1274"]

1. e4 e6 2. d4 d5 3. exd5 exd5 4. c4 Nf6 5. Nc3 c6 6. Bd3 Be7 7. Nf3 Bg4 8. Be3
O-O 9. O-O Re8 10. h3 Bh5 11. Rc1 Nbd7 12. cxd5 cxd5 13. g4 Bg6 14. Bxg6 fxg6
15. g5 Ne4 16. Nxd5 Rc8 17. Nxe7+ Qxe7 18. Qb3+ Qf7 19. Rxc8 Rxc8 20. Qxb7 Re8
21. Qxa7 Qxf3 22. Qxd7 Kf8 23. Qg4 Qxg4+ 24. hxg4 Rb8 25. Re1 Nd6 26. Bf4 Rd8
27. Bxd6+ Rxd6 28. Rd1 Ke7 29. Kg2 Ke6 30. b3 Ra6 31. a4 Rb6 32. Rd3 Kd5 33. Kf3
Ra6 34. Ke3 Re6+ 35. Kd2 Re4 36. f3 Rxd4 37. Rxd4+ Kxd4 38. a5 Kc5 39. Ke3 Kb5
40. b4 Ka6 41. f4 Kb5 42. f5 gxf5 43. gxf5 h5 44. gxh6 gxh6 45. f6 1-0

[Event "DRUZYNOWE MISTRZOSTWA POLSKI JUNIOROW - II LIGA"]
[Site "Szczyrk, CKiR Orle Gniazdo ul. Wrzosowa 28a"]
[Date "2014-07-27"]
[Round "4.19"]
[White "Klimek, Marcin"]
[Black "Kroczka, Gromoslaw"]
[Result "1-0"]
[WhiteTitle "I"]
[BlackTitle "I"]
[WhiteElo "1800"]
[BlackElo "1788"]

1. e4 c5 2. Nf3 Nc6 3. d4 cxd4 4. Nxd4 Nf6 5. Nc3 e5 6. Ndb5 d6 7. Bg5 a6 8. Bxf6
gxf6 9. Na3 b5 10. Nd5 f5 11. Bd3 Be6 12. Qh5 Bg7 13. O-O f4 14. c4 b4 15. Nc2
Rb8 16. b3 O-O 17. Rad1 h6 18. Rd2 Bxd5 19. cxd5 Ne7 20. Bxa6 Ra8 21. Qe2 Qb6
22. Bb5 Rxa2 23. Ba4 Rc8 24. Qd1 Qc5 25. Nxb4 Rxd2 26. Qxd2 f5 27. exf5 Nxf5 28.
Bd7 Rf8 29. Bxf5 Rxf5 30. Nc6 Bf6 31. Qd3 e4 32. Qxe4 Qxd5 33. Qe8+ Kh7 34. Qd7+
Kg6 35. Qe8+ Kh7 36. Qd7+ Kg6 37. Qe8+ Kh7 38. Re1 Qxb3 39. Qd7+ Kg6 40. Qxd6
Qc3 41. Qe6 Kg5 42. Ne7 Ra5 43. Nd5 Qd4 44. h3 h5 45. h4+ Kg6 46. Ne7+ Kh7 47.
Qg8+ Kh6 48. Qg6# 1-0

[Event "DRUZYNOWE MISTRZOSTWA POLSKI JUNIOROW - II LIGA"]
[Site "Szczyrk, CKiR Orle Gniazdo ul. Wrzosowa 28a"]
[Date "2014-07-27"]
[Round "4.20"]
[White "Wisniewski, Szymon"]
[Black "Klimek, Piotr"]
[Result "1/2-1/2"]
[WhiteTitle "I"]
[BlackTitle "I"]
[WhiteElo "1849"]
[BlackElo "1839"]

1. Nf3 Nf6 2. g3 g6 3. Bg2 Bg7 4. O-O O-O 5. d3 d5 6. Nbd2 c5 7. e4 dxe4 8. dxe4
Nc6 9. c3 Qc7 10. Qc2 b6 11. Rd1 Rd8 12. Nc4 Rxd1+ 13. Qxd1 e5 14. Ne3 Nxe4 15.
Nd5 Qd6 16. Nxe5 Qxe5 17. Bf4 Qf5 18. Nc7 g5 19. Nxa8 gxf4 20. Qf3 Bb7 21. Qxe4
Qc8 22. Re1 Qxa8 23. Qe8+ Qxe8 24. Rxe8+ Bf8 25. b4 cxb4 26. cxb4 a6 27. gxf4
Kg7 28. a3 Bd6 29. h4 Bxf4 30. Re4 Bd6 31. Rg4+ Kf6 32. Rc4 b5 33. Rc1 Bf4 34.
Rc5 Bd6 35. Bxc6 Bxc5 36. Bxb7 Bd4 37. Bxa6 Bb2 38. Bxb5 Bxa3 39. Bd3 Bxb4 40.
Bxh7 Bd2 41. Kg2 Kg7 42. Bd3 Kh6 43. Kh3 f6 44. Kg4 Bc3 45. Ba6 Ba1 1/2-1/2

[Event "DRUZYNOWE MISTRZOSTWA POLSKI JUNIOROW - II LIGA"]
[Site "Szczyrk, CKiR Orle Gniazdo ul. Wrzosowa 28a"]
[Date "2014-07-27"]
[Round "4.21"]
[White "Paliszewski, Dominik"]
[Black "Kozakiewicz, Gracjan"]
[Result "0-1"]
[WhiteTitle "II"]
[BlackTitle "I"]
[WhiteElo "1621"]
[BlackElo "1589"]

1. e4 c5 2. Nf3 e6 3. c3 Nc6 4. d4 cxd4 5. cxd4 Nf6 6. Nc3 Bb4 7. Bd3 h6 8. O-O
O-O 9. Bf4 d6 10. a3 Bxc3 11. bxc3 Re8 12. Re1 e5 13. Bd2 Bg4 14. d5 Na5 15. Bb5
Re7 16. Bd3 b6 17. c4 Nb7 18. Be3 Qc7 19. h3 Bh5 20. g4 Bg6 21. Qc2 Nc5 22. Bxc5
Qxc5 23. Qc3 Rc7 24. Rab1 a6 25. Nd2 Rb7 26. Rb2 h5 27. g5 Nd7 28. Reb1 Qc7 29.
Nb3 Nc5 30. Nxc5 Qxc5 31. Kg2 Rf8 32. Rb3 f5 33. gxf6 Rxf6 34. Rf1 Be8 35. Be2
Rf4 36. f3 Bd7 37. Rh1 g5 38. Rbb1 Rh4 39. Qd2 Rf4 40. Rbg1 Bc8 41. Kf1 Rg7 42.
Ke1 Qxa3 43. h4 g4 44. fxg4 Qa1+ 45. Qd1 Qxd1+ 46. Kxd1 Bxg4 47. Bxg4 Rgxg4 48.
Re1 Rxe4 49. Rxe4 Rxe4 50. Rg1+ Kf7 51. Kd2 Rxc4 52. Ra1 a5 53. Rb1 Rb4 54. Rf1+
Ke7 55. Rf5 Rxh4 56. Rf3 Rd4+ 57. Kc3 Rxd5 58. Rh3 e4 59. Rh4 Re5 60. Rh2 d5 61.
Rb2 b5 62. Kd4 Ke6 63. Rxb5 e3 64. Rb1 e2 65. Re1 h4 66. Kc3 h3 67. Kd2 h2 0-1

[Event "DRUZYNOWE MISTRZOSTWA POLSKI JUNIOROW - II LIGA"]
[Site "Szczyrk, CKiR Orle Gniazdo ul. Wrzosowa 28a"]
[Date "2014-07-27"]
[Round "4.22"]
[White "Wolski, Lukasz"]
[Black "Oglaza, Oskar"]
[Result "0-1"]
[WhiteTitle "II"]
[BlackTitle "I"]
[WhiteElo "1233"]
[BlackElo "1682"]

1. e4 c5 2. b4 cxb4 3. Bb2 d6 4. d4 e6 5. Nf3 Ne7 6. Bd3 Nd7 7. O-O g6 8. Nbd2
Bg7 9. Nc4 Nb6 10. c3 Nxc4 11. Bxc4 bxc3 12. Bxc3 O-O 13. Qd3 d5 14. Bb3 a6 15.
Bd2 Bd7 16. Qe3 dxe4 17. Ne5 Bb5 18. Rfd1 Nf5 19. Qxe4 Qxd4 20. Qxd4 Nxd4 21.
f4 Nxb3 22. axb3 f6 23. Nf3 Be2 24. Rdc1 Bxf3 25. gxf3 Rac8 26. Re1 Kf7 27. Re2
Rfd8 28. Kf2 f5 29. Rae1 Rc2 30. Be3 Rc3 31. b4 Rdd3 32. Kg3 e5 33. Kg2 Bh6 34.
h4 Kg7 35. Bc1 Bxf4 36. Bxf4 exf4 37. Re7+ Kh6 38. Rf1 b5 39. Ra7 Ra3 40. Re1
Rxf3 41. Ree7 Rg3+ 42. Kf2 Kh5 43. Rxh7+ Kg4 44. h5 Ra2+ 45. Kf1 Kf3 0-1

[Event "DRUZYNOWE MISTRZOSTWA POLSKI JUNIOROW - II LIGA"]
[Site "Szczyrk, CKiR Orle Gniazdo ul. Wrzosowa 28a"]
[Date "2014-07-27"]
[Round "4.23"]
[White "Kopica, Paulina"]
[Black "Skoczek, Karolina"]
[Result "1-0"]
[WhiteTitle "I"]
[BlackTitle "II+"]
[WhiteElo "1697"]
[BlackElo "1516"]

1. e4 d5 2. exd5 Qxd5 3. c4 Qa5 4. Nc3 Nf6 5. d4 c6 6. Nf3 Qc7 7. Be2 Bf5 8. O-O
e6 9. Be3 Be7 10. Rc1 O-O 11. Ne5 c5 12. Qb3 Nc6 13. Nxc6 bxc6 14. dxc5 Rfb8 15.
Qa3 Rb7 16. b4 Rc8 17. Na4 Ng4 18. g3 Nxe3 19. fxe3 Qe5 20. Bf3 Rd7 21. Qc3 Qc7
22. Rfd1 Rxd1+ 23. Rxd1 Bf6 24. Qb3 Rb8 25. b5 Bd8 26. Bxc6 Qa5 27. Nc3 h6 28.
Bf3 Rc8 29. c6 Bb6 30. Ne2 Bc5 31. Kf2 Qb6 32. a4 Qa5 33. Nd4 Qb6 34. Nxf5 exf5
35. Qc3 Re8 36. Rd3 a5 37. Bd5 Kf8 38. Kf3 Kg8 39. e4 fxe4+ 40. Bxe4 Bg1 41. Rd2
Kh8 42. Re2 f5 43. Bd5 Rxe2 44. Kxe2 Qf2+ 45. Kd3 Qe3+ 46. Kc2 Qb6 47. Qf3 Qd8
48. Qxf5 Be3 49. Qe5 Bb6 50. Qe6 Qb8 51. Qg8+ Qxg8 52. Bxg8 Kxg8 53. c5 Bd8 54.
b6 Kf7 55. c7 1-0

[Event "DRUZYNOWE MISTRZOSTWA POLSKI JUNIOROW - II LIGA"]
[Site "Szczyrk, CKiR Orle Gniazdo ul. Wrzosowa 28a"]
[Date "2014-07-27"]
[Round "4.24"]
[White "Humin, Julia"]
[Black "Trusz, Julia"]
[Result "1-0"]
[WhiteTitle "I"]
[BlackTitle "I"]
[WhiteElo "1457"]
[BlackElo "1508"]

1. e4 c5 2. Nf3 Nc6 3. d4 cxd4 4. Nxd4 Nf6 5. Nc3 d6 6. Bg5 e6 7. Qd2 a6 8. O-O-O
Bd7 9. f4 Qc7 10. Kb1 Be7 11. Bc4 Na5 12. Bb3 Nxb3 13. Nxb3 O-O-O 14. Rhe1 Bc6
15. Qf2 Rhf8 16. Nd4 b5 17. a3 Qb7 18. Nxc6 Qxc6 19. Bh4 Rd7 20. e5 Ng8 21. Bxe7
Nxe7 22. Rxd6 Rxd6 23. exd6 Qxd6 24. Qa7 Ng6 25. Qa8+ Kc7 26. Qa7+ Kc8 27. Ne4
Qc6 28. Nc5 Rd8 29. Nxa6 Rd2 30. Nb4 Qb7 31. Qc5+ Kd7 32. g3 Ke8 33. f5 Nf8 34.
Qc3 Rf2 35. g4 g6 36. fxe6 fxe6 37. Qh8 Rxh2 38. Rxe6+ Kd7 39. Qg7+ Kxe6 40. Qxb7
Rh4 41. Qxb5 Nd7 42. Qd5+ Kf6 43. Qxd7 Kg5 44. Nd3 Rxg4 45. Qxh7 Rh4 46. Qe7+
Kg4 47. Ne5+ Kg3 48. Qxh4+ Kxh4 49. Nxg6+ Kg5 50. a4 Kxg6 51. a5 Kf5 52. a6 Ke5
53. a7 Kd6 54. a8=Q Kd5 1-0